00267 a2200109 4500020001500000082001500015100002200030245005000052260002600102300002100128650000800149 a0830645918 a005.73 SHA aShammas, Namir C. aVisual C++ Generic ProgrammingcN. C. Shammas aUSbMcGraw Hillc1994 ax, 318p. :c25cm aC++